000 00719nam a2200205Ii 4500
003 JO-AjNU
008 230605s9999||||xx |||||||||||||| ||und||
040 _aJO-AjNU
_bara
_erda
_cJO-AjNU
041 _aara
050 1 4 _aLB1060 1990
100 3 _aالكاظمي، زهير أحمد علي,
_eauthor
_935529
245 0 0 _aالمدخل إلى شؤون الطلاب في التعليم العالي،المفهوم-النشاطات-الأسس التنظيمية
250 _aط2 معدلة ومنقحة
264 3 1 _aد.ن
300 _a82ص
336 _atext
_btxt
_2rdacontent
337 _aunmediated
_bn
_2rdamedia
338 _avolume
_bnc
_2rdacarrier
650 4 _aالتعليم العالي-شؤون
_935530
999 _aA14678
_c18246
_d18246